Tiroteo REMIX - Marc Seguí, Pol Granch, Rauw Alejandro - Estadísticas

Estadísticas generales
  • Esta prueba ha sido intentada 94 veces
  • La puntuación promedio es 402 de 500
Estadísticas de respuestas
Letra % Correcto
a
96%
96%
tu
96%
96%
y
96%
Y
96%
el
94%
un
94%
de
93%
es
93%
las
93%
lo
93%
los
93%
no
93%
No
93%
que
93%
Que
93%
se
93%
Se
93%
93%
te
93%
ti
93%
como
91%
Como
91%
ha
91%
la
91%
me
91%
Me
91%
Mi
91%
91%
mi
91%
por
91%
quiero
91%
Si
91%
si
91%
Yo
91%
yo
91%
al
89%
niño
89%
Desde
87%
en
87%
he
87%
otro
87%
R
87%
sin
87%
to'
87%
ah
85%
ahora
85%
con
85%
cortado
85%
finde'
85%
has
85%
pelo
85%
chiste'
83%
dos
83%
perro
83%
ido
81%
Pero
81%
pero
81%
tinte
81%
vuelvas
81%
comprado
80%
estás
80%
gracia
80%
hacen
80%
juntito'
80%
portal
80%
tiroteo
80%
va'
80%
ver
80%
chistes
78%
contigo
78%
Contigo
78%
Cuando
78%
cuando
78%
findes
78%
mis
78%
nunca
78%
siempre
78%
Siempre
78%
Sol
78%
Tinder
78%
busca
76%
mar
76%
más
76%
niña
76%
soy
76%
encuentro
74%
eres
74%
leal
74%
tristes
74%
una
74%
vas
74%
alguna
72%
canciones
72%
empiezas
72%
frente
72%
luz
72%
Ojalá
72%
termine'
72%
volvió
72%
dónde
70%
fue
70%
nos
70%
parar
70%
primero
70%
tonto
70%
agua
69%
Buscando
69%
cambió
69%
dijiste
69%
Discutir
69%
final
69%
Navidad
69%
ojo
69%
ojos
69%
Porque
69%
algo
67%
besas
67%
gente
67%
hoy
67%
ir
67%
jardines
67%
juntitos
67%
oh
67%
sentí
67%
vemos
67%
apetece
65%
así
65%
cuento
65%
hablar
65%
hadas
65%
Madrid
65%
Mira
65%
musa
65%
pienso
65%
quieres
65%
Toys
65%
Venecia
65%
amor
63%
apague
63%
miedo
63%
morirme
63%
prota'
63%
puedo
63%
sido
63%
simple
63%
cerrar
61%
congela
61%
contento
61%
desvistes
61%
entendemos
61%
mundo
61%
diferente
59%
dile
59%
Florecen
59%
intento
59%
mientras
59%
Us
59%
demás
57%
desvaneces
57%
Este
57%
hago
57%
llenó
57%
pensar
57%
promesas
57%
quedan
57%
doy
56%
chicles
54%
cielo
54%
cumplió
54%
electricidad
54%
Haces
54%
Muero
54%
Solo
54%
Toco
54%
Aunque
52%
esperar
50%
haciéndote
50%
Sentada
50%
será
50%
tarea
50%
vayan
50%
olvidarte
48%
despiste'
46%
desprendemos
46%
entienden
43%
mires
41%
servirá
41%
Uoh
20%
No se encontraron pruebas coincidentes
Distribución de puntuación
Porcentaje de gente con cada puntuación
Porcentaje por número respondido
Historial de tus puntuaciones
No has intentado esta prueba.